| 000 | 00982nam a2200301 a 4500 | ||
|---|---|---|---|
| 001 | 1151 | ||
| 005 | 20230908143458.0 | ||
| 020 | _a030796017X | ||
| 040 |
_aDLC _cDLC _beng |
||
| 050 | 0 | 0 |
_aPZ7.M459 _bJux 1993 |
| 082 | 0 | 0 |
_aFic _220 |
| 100 | 1 | _aMayer, Gina. | |
| 245 | 1 | 0 |
_aJust say please / _cby Gina and Mercer Mayer. |
| 260 |
_aRacine, Wis. : _bPublishing Company,Inc. _c1993. |
||
| 300 |
_a23 unnumbered pages : _bcolor illustrations ; _c21 cm |
||
| 490 | 1 |
_aA little golden book _vBook 5 |
|
| 500 | _a"A Golden book, New York." | ||
| 500 | _a"Mercer Mayer's little critter"--P. 4 of cover. | ||
| 505 | _aI | ||
| 520 | _aLiitle Critter learns about good manners at school and tries to put them into practice at home. | ||
| 521 |
_a450
_bLexile |
||
| 521 |
_aI
_bRaz-Plus |
||
| 650 | 1 |
_aEtiquette _xFiction. |
|
| 650 | 1 |
_aSchools _xFiction. |
|
| 700 | 1 |
_aMayer, Mercer, _d1943- |
|
| 906 |
_a7 _bcbc _corignew _d2 _eopcn _f19 _gy-gencatlg |
||
| 942 |
_2ddc _cBK _n0 |
||
| 999 |
_c1151 _d1151 |
||